000 01407nam0a2200325 4500
001 RU\NLR\bibl\1497639
005 20260406085435.0
010 _a978-5-9921-0763-0
_97000
021 _aRU
_b2010-10618
_9700
035 _a(nilc)RSL-KNO-004583206
035 _a(NLR Aleph) 001489126
090 _a1752327
_c1752327
100 _a20100216d2009 |||y0rusy50 ca
101 0 _arus
102 _aRU
105 _aa zzzz|||||
200 1 _aДомашние животные и птицы
_e[для чтения взрослыми детям
_fхудож. В. Вахтин]
210 _aМосква
_cЛинг
_d2009
215 _a[10] с.
_cцв. ил.
_d22
225 1 _aЧитаем с мамой
610 0 _aКультура. Наука. Просвещение -- Народное образование. Педагогические науки -- Семейное воспитание -- Теория и практика семейного воспитания -- Российская Федерация -- Помощь семьи в обучении детей
686 _aЧ491,6(2)7,0
_2rubbk
702 1 _4040
_7ca
_8rus
_aВахтин
_bВ. Л.
_cхудожник
_gВиктор Л.
_937957
_3RU\NLR\AUTH\7755025
801 0 _aRU
_bРГБ
_c20100216
_gRCR
801 1 _aRU
_bРГБ
_c20100216
801 2 _aRU
_bNLR
_c20100412
_grcr
942 _cBOOK
980 _aNB